Detalles MARC
| 000 -LIDER |
| fixed length control field |
01096nam a22003137a 4500 |
| 003 - IDENTIFICACDOR DE NÚMERO DE CONTROL |
| control field |
DO-SdBPM |
| 005 - DATE AND TIME OF LATEST TRANSACTION |
| control field |
20250226102459.0 |
| 008 - ELEMENTOS DE LONGITUD FIJA |
| fixed length control field |
0607211979 mx a 1 spa |
| 017 ## - NÚMERO DE REGISTRO DE DERECHOS DE AUTOR |
| Copyright or legal deposit number |
|
| Assigning agency |
|
| 035 ## - NÚMERO LOCAL |
| System control number |
|
| 040 ## - FUENTE DE CATALOGACIÓN |
| Agencia que crea de manera original el registro |
DO-SdBPM |
| Idioma de catalogación |
spa |
| Agencia que realiza la transcripción |
BPMSU |
| Convenciones de la despripción |
|
| 082 #4 - NÚMERO DE CLASIFICACIÓN DECIMAL DE DEWEY |
| Classification number |
232.9 |
| Item number |
V648e 1979 |
| Edition number |
22 |
| 092 ## - LOCALLY ASSIGNED DEWEY DECIMAL CALL NUMBER |
| Número de clasificación |
xxx |
| Número de ítem (Cutter) |
xxx |
| Número de edición |
|
| 240 04 - TITULO UNIFORME |
| Título uniforme |
The life and teachings of Jesus and his apostles |
| Idioma de una obra |
Español |
| 245 03 - MENCIÓN DE TITULO |
| Título |
La vida y enseñanzas de Cristo y sus Apóstoles : |
| Subtítulo |
manual del curso (Relig. 211-212) / |
| Medio (Designación general de material) |
|
| 260 ## - PUBLICACIÓN, DISTRIBUCIÓN, ETC. (PIE DE IMPRENTA) |
| Lugar de publicación, distribución, etc |
México : |
| Nombre del editor, distribuidor, etc. |
Iglesia de Jesucristo de los Santos de los Últimos Días, |
| Fecha de publicación, distribución, etc |
1979. |
| Lugar de impresión |
|
| Impresor |
|
| 300 ## - DESCRIPCIÓN FÍSICA |
| Extensión |
563 p. ; |
| Dimensiones |
29 cm. |
| 500 ## - NOTA GENERAL |
| Nota general |
Incluye índice de autores, páginas; 523-542. |
| 500 ## - NOTA GENERAL |
| Nota general |
Incluye índice de versículos, páginas; 543-554. |
| 500 ## - NOTA GENERAL |
| Nota general |
Incluye índice temático, páginas; 555-563. |
| 590 ## - NOTA LOCAL |
| Texto de la nota local |
Inventariado, 2025/VM |
| 600 14 - ENCABEZAMIENTO DE MATERIA--NOMBRE PERSONAL |
| Fuente del encabezado o término |
Jesucristo |
| Subdivisión temática general |
Enseñanza. |
| 650 #4 - ENCABEZAMIENTO DE MATERIA--TEMÁTICO |
| Término temático o nombre geográfico como elemento de entrada |
Vida espiritual |
| Fuente del encabezamiento o término |
|
| 650 #4 - ENCABEZAMIENTO DE MATERIA--TEMÁTICO |
| Fuente del encabezamiento o término |
MAGIA - NOVELA |
| 650 #4 - ENCABEZAMIENTO DE MATERIA--TEMÁTICO |
| Fuente del encabezamiento o término |
NOVELA JUVENIL INGLESA |
| 910 ## - VALIDACIÓN |
| Validación |
VMateo V. Control de calidad. BPMSU |
| 942 ## - ADDED ENTRY ELEMENTS (KOHA) |
| Source of classification or shelving scheme |
Dewey Decimal Classification |
| Koha item type |
Libros |
| 980 ## - EQUIVALENCE OR CROSS-REFERENCE-SERIES STATEMENT--PERSONAL NAME/TITLE [LOCAL, CANADA] |
| Personal name |
|
| -- |
|
| Numeration |
|
| Attribution qualifier |
|
| Titles and other words associated with a name |
|